000 00661nam a2200205 i 4500
001 86349
003 ES-MaACL
005 20250815004922.0
007 t|
008 041209s1951 xxk ||||1| eng d
100 1 _aKetelbey, D. M.
_967961
245 1 2 _aA history of modern times from 1789 /
_cby D.M. Ketelbey.
250 _aNew ed. rev.
260 _aLondon :
_bGeorg G. Harrap,
_c[1951] (
_eEdinburgh :
_fNeill and Cº)
300 _a632 p., 5 lám. :
_bil. ;
_c20 cm.
650 0 7 _aHistoria contemporánea
_2embne
_913393
650 0 4 _aHistoria contemporánea-
_yS.XX
_913396
852 _aES-MaACL
_jD-5431
_bR.31367
999 _c86349
_d86349